| 000 | 00761nam a22002412 4500 | ||
|---|---|---|---|
| 001 | 0000004694 | ||
| 005 | 20151217151938.0 | ||
| 008 | 070528s xx 000 0 eng d | ||
| 020 | _a0060408480 : | ||
| 040 |
_aKABU _cKABU |
||
| 050 | 0 |
_aQK641 _b.B65 1980 |
|
| 100 | 1 |
_aBold, Harold C. _@0000155399 |
|
| 245 | 1 | 0 |
_aMorphology of plants and fungi / _cHarold C. Bold, Constantine J. Alexopoulos, Theodore Delevoryas. |
| 250 | _a4th ed. | ||
| 260 |
_aCambridge : _bHarper & Row, _c1980. |
||
| 300 | _ax, 819 p. | ||
| 650 | 0 |
_aBotany _xMorphology. _@0000155400 |
|
| 700 | 1 |
_aAexopoulos, Constantine. _@0000155401 |
|
| 700 | 1 |
_aDelevoryas, Theodore. _@0000155402 |
|
| 908 | _a070528 | ||
| 950 | _@1 | ||
| 999 |
_c6597 _d6597 |
||